Statistics for Country Transits: 3 away from Countries Beginning with a Vowel

Click here to take the quiz!

General Stats

  • This quiz has been taken 53 times
  • The average score is 7 of 12

Answer Stats

Country % Correct
Lesotho
74%
Swaziland
72%
Gambia
70%
South Korea
67%
Togo
67%
Sweden
65%
Ghana
63%
Sierra Leone
58%
Costa Rica
58%
Guinea-Bissau
53%
Liberia
51%
Cambodia
30%

Score Distribution

Percentile by Number Answered

Percent of People with Each Score

Your Score History

You have not taken this quiz